Central Library OPAC University of Rajshahi

যুদ্ধোত্তর বাঙলাদেশ / (Record no. 74120)

MARC details
000 -LEADER
fixed length control field 00846nam a2200229 a 4500
001 - CONTROL NUMBER
control field 74120
003 - CONTROL NUMBER IDENTIFIER
rucl marc code BD-RjUL
005 - DATE AND TIME OF LATEST TRANSACTION
control field 20211209082510.0
008 - FIXED-LENGTH DATA ELEMENTS--GENERAL INFORMATION
fixed length control field 180304s1975 bg 00| 0 ben
035 ## - SYSTEM CONTROL NUMBER
System control number (BD-RjUL)74338
040 ## - CATALOGING SOURCE
Original cataloging agency BD-RjUL
Transcribing agency BD-RjUL
Modifying agency BD-RjUL
Language of cataloging ben
041 ## - LANGUAGE CODE
Language code of text/sound track or separate title ben
082 00 - DEWEY DECIMAL CLASSIFICATION NUMBER
Classification number 954.92
Author mark and year UMJ 1975
100 1# - MAIN ENTRY--PERSONAL NAME
Personal name উমর, বদরুদ্দীন
9 (RLIN) 116667
245 1# - TITLE STATEMENT
Title যুদ্ধোত্তর বাঙলাদেশ /
Statement of responsibility, etc. বদরুদ্দীন উমর
260 ## - PUBLICATION, DISTRIBUTION, ETC. (IMPRINT)
Place of publication, distribution, etc. ঢাকা :
Name of publisher, distributor, etc. মুক্তধারা,
Date of publication, distribution, etc. ১৯৭৫
300 ## - PHYSICAL DESCRIPTION
Pagination ৮, ১৬৬ পৃ. ;
Size ২২ সেমি.
350 ## - PRICE (NR) (BK AM CF MU VM SE) [OBSOLETE]
Price 28/-
651 ## - SUBJECT ADDED ENTRY--GEOGRAPHIC NAME
Geographic name বাংলাদেশ
General subdivision রাজনীতি এবং সরকার
9 (RLIN) 220346
Chronological subdivision ১৯৭১
Geographic name Bangladesh
General subdivision Politics and government
Chronological subdivision 1971-
9 (RLIN) 220347
942 ## - ADDED ENTRY ELEMENTS (KOHA)
Source of classification or shelving scheme Dewey Decimal Classification
Koha item type Books
Holdings
Lost status Source of classification or shelving scheme Damaged status Not for loan Collection code Permanent Location Current Location Shelving location Date acquired Cost, normal purchase price Total Checkouts Full call number Date last seen Copy number Koha item type
  Dewey Decimal Classification   Not For Loan Non-fiction Central Library, University of Rajshahi Central Library, University of Rajshahi Reading Room 12/08/1987 10.00   B 954.92 UMJ 1975 04/03/2018 C-1 Books